Quizzes
Events
Quiz Creation
Community
Videos
Private Events
Remove Ads
Sign In
Join for FREE
Feedback
Dark Mode
Quiz Categories
Sports
Geography
Music
Movies
Television
Just For Fun
Miscellaneous
History
Literature
Language
Science
Gaming
Entertainment
Religion
Holiday
For Kids
Quiz Lab
Recent
Popular Today
Quiz Kudos Today
Editor Picks
Curator Picks
Quizzes by...
Day
Popularity
Type
Ratings
Length
Year
Community
Subscriptions
Recent Discussions
Orange Saloon
Badges
Playlists
Quests
Create
Leaderboards
Showdown
Live 5
Trivia Bingo
Activity
Puzzle Library
Sporcle Events
Private Events
Virtual Trivia
Globe League
Become a Host
Pub Owners
SporcleCon
Opinionation
Our Games
Videos
Blog
Mobile Apps
Partnerships
Remove Ads and Go Orange
Feedback
Sports
Athletes
MLB
NBA
NHL
NFL
Soccer
Sports Teams
WWE
NCAA
Football
Premier League
Basketball
Baseball
Hockey
Golf
Tennis
Cricket
Rugby
Auto Racing
Olympics
World Cup
Sports
Athletes
MLB
NBA
NHL
NFL
Soccer
Sports Teams
WWE
NCAA
Football
Premier League
Basketball
Baseball
Hockey
Golf
Tennis
Cricket
Rugby
Auto Racing
Olympics
World Cup
Random Quiz
Search Sporcle
×
Quiz Lab
Quiz Lab
Sports
season
Type in answers that appear in a list
Type in answers that appear in a list
Classic
Best Score? Go Orange.
Single Season Doubles Record Stats
Can you name the Single Season Doubles Record?
By
skittlez
9m
50 Questions
148 Plays
148 Plays
148 Plays
Comments
Comments
Give Quiz Kudos
Give Quiz Kudos
-
- Ratings
hide this ad
Replay
Link that replays current quiz
Next Quiz
Link to next quiz in quiz playlist
You Got
0%
They Got
Avg Score
31%
Avg Friend Score
Upgrade to see
Score Distribution
Jump to the score distribution portion of the page
Score
0/50
Timer
09:00
0
Plays Today
Year
Player
% Correct
1996*
Alex Rodriguez
66.7%
1927
Lou Gehrig
62.6%
1923
Tris Speaker
57.8%
1999
Craig Biggio
57.8%
1912
Tris Speaker
57.8%
1921/
1926
Tris Speaker
57.8%
2000*
Todd Helton
54.4%
2001*
Todd Helton
54.4%
1953
Stan Musial
53.1%
2003/
2004*
Albert Pujols
51.7%
1936
Gee Walker
49%
2006*
Luis Gonzalez
46.9%
2009*
Brian Roberts
45.6%
2008*
Brian Roberts
45.6%
1995
Albert Belle
44.2%
1934
Hank Greenberg
42.9%
1937
Beau Bell
36.7%
1995/
1996
Edgar Martinez
34%
2002*
Garret Anderson
33.3%
2007*
David Ortiz
32%
1931
Earl Webb
30.6%
2001*
Lance Berkman
29.9%
1932
Paul Waner
29.3%
1936
Paul Waner
29.3%
1986
Don Mattingly
27.2%
Year
Player
% Correct
2000*
Carlos Delgado
26.5%
2002*
Nomar Garciaparra
25.9%
2008*
Dustin Pedroia
25.9%
1926
Al Simmons
24.5%
2006*
Michael Young
23.8%
1930
Chuck Klein
22.4%
1936
Charlie Gehringer
21.8%
2002*
Alfonso Soriano
21.8%
1936
Joe Medwick
20.4%
1937
Joe Medwick
20.4%
1993
John Olerud
20.4%
1899
Ed Delahanty
17%
1887
Tip O'niell
17%
2007*
Magglio Ordonez
16.3%
1950
George Kell
12.2%
2006*
Grady Sizemore
12.2%
1926
George Burns
11.6%
1977
Hal Mcrae
10.9%
1935/
1936
Billy Herman
10.2%
1997
Mark Grudzielanek
9.5%
2004*
Lyle Overbay
9.5%
1939
Enos Slaughter
6.8%
2006*
Freddy Sanchez
3.4%
1929
Johnny Frederick
3.4%
2000
Jeff Cirillo
2.7%
Quiz Playlist
Details
Report
Send in Message
Add To Playlist
Classic:
Type in answers that appear in a list
Quiz Source
Last Updated: Feb 16, 2017
Quiz Scoreboard
CHALLENGE
Sign Up to Join the Scoreboard
Show All
Scores
Hide
Comments
May contain spoilers
Recently Published
Billboard Blitz: Fleetwood Mac
by CooCooCachoo
Music
15s
Presidents Visiting Landmarks
by Hejman
History
7m
An Introduction to Baseball
by treessimontrees
Sports
5m
More to Explore
Quiz From the Vault
Featured Blog Post
Where Did the Easter Bunny Come From?
hide this ad
You Might Also Like...
Tags
double
Doubles Leaders
Player
record
season
Single
Single Season
Today's Top Quizzes in Sports
Browse Sports
hide this ad
Today's Top Quizzes in season
Browse season
Top Contributed Quizzes in Sports
1
Les meilleurs buteurs des matchs entre le PSG et l’OM
2
2022 World Cup Stars
3
FIFA Club World Cup Champions
4
Les entraîneurs de l'OM et du PSG au 21e siècle
5
Name the Premier League winners with different clubs
6
5-to-1: UK Sports Teams
7
La finale Lions - Afrique du Sud 2021
8
Criteria MLB: Left Handed Sluggers
9
AFC Teams Reveal (Wrong Answers Minefield)
10
England Test cricketers to play under Nasser Hussain
Explore More
Trending Topics
Harry Potter
Disney
Anime
Crossword
Kpop
Marvel
NBA
NFL
Song
WWE
Puzzle
Pokémon
Country
The Office
Soccer
hide this ad
More By:
skittlez
Quiz
Plays
Rating
Category
Featured
Created
Jets Pro Bowlers 2000s
1,035
4.20
Sports
Oct 23, 2009
NFL top 10 draft picks 2000-2010
912
3.33
Sports
Nov 6, 2010
AL Batting Champions
785
2.36
Sports
Sep 28, 2009
Most batting titles won.
427
4.00
Sports
Sep 30, 2009
yankees 2009 leaders
392
4.20
Sports
Oct 24, 2009
Go to Creator's Profile
Score Distribution
Quiz Creator Spotlight
skittlez
Follow
Send a Message
Quizzes Created
-
Created Quiz Play Count
-
More By This Creator
Popular Quizzes Today
1
Find the US States - No Outlines Minefield
2
Find the Countries of Europe - No Outlines Minefield
3
The Countries of the World
4
Find the US States
5
Popular People in 1961
6
US States
7
Risky Map Clicking: Biggest States A-Z
8
Movies - When Are They Set?
More Sports Quizzes
Top 50 Spanish Champions League Appearances
Quiz Lab
Trending Quizzes
Risky Map Clicking: Least Populous States A-Z
1-10 Letter G Words
1-10 Letter F Words
Risky Map Clicking: Next State Alphabetically
Risky Map Clicking: Biggest States A-Z
Recently Updated
Leaping Animals
pecheneg
Reality TV Shows (A-Z)
bhenderson79
Rickey Henderson's Hall of Fame Teammates
pecheneg
Champions League XIs: Arsenal
pecheneg
Quick Pick: Celebrities in WWE's Hall of Fame
aduchscher
A-Z Keypad Blitz II
pecheneg
Multiple Oscar Actors
pecheneg
Mystery Phrase Blitz: Oscar 'Best Actors'
pecheneg
F. Scott Fitzgerald Novels
LTH
Pick 3 Villains
ddd62291
Trending Topics
Crossword
Harry Potter
Kpop
Disney
Marvel
NBA
Anime
Puzzle
Song
Soccer
The Office
NFL
Pokémon
WWE
Country
Your Account Isn't Verified!
In order to create a playlist on Sporcle, you need to verify the email address you used during registration. Go to your
Sporcle Settings
to finish the process.
Report this User
Report this user for behavior that violates our
Community Guidelines
.
Details:
Send Report
Go to the Sporcle.com Mobile Site →
Comments